Fake Reactions to Real News Quiz Stats

 Plays Quiz Updated Dec 10, 2013

Support Sporcle.
Go Orange.
Score 0/19 Timer 07:00
0 Plays Today
% Correct
Starbucks Removes Beetle-Based Coloring
91.9%
New Samsung Phone To Be Controlled By Eye Movements
89.9%
8 States Fail Corruption Test
88.9%
Sony Loses $6.4 Billion
87.9%
Lottery Reaches Record Jackpot
87.2%
Yahoo! Lays Off 14% Of Workforce
85.2%
Dick Clark Dead
82.6%
Retail Sales Rise
82.1%
Global Dementia To Triple By 2050
81.8%
Ron Paul Video Game In Development
80.9%
% Correct
Coast Guard Sinks Vacant Ship
77.8%
Delta Highest In Pet Deaths
77.3%
Mass-Murderer Would Prefer Execution
76.5%
Flying Car A Reality
75.8%
Zimmerman Charged With Second-Degree Murder
72.3%
Major Obama Donor Accused Of Fraud
66.9%
Santorum Bows Out
66.5%
20% Of U.S. Adults Don't Use Internet
64.6%
GSA Under Fire
56.5%

From the Vault

Country Endings by Numbers

by Headers2304

Wait, we thought countries ended in letters?
Remove Ads.
Support Sporcle.
Get the best of Sporcle when you Go Orange. This ad-free experience offers more features, more stats, and more fun while also helping to support Sporcle. Thank you for becoming a member.

Show Comments

Extras

Top Quizzes Today


Score Distribution

Your Account Isn't Verified!

In order to create a playlist on Sporcle, you need to verify the email address you used during registration. Go to your Sporcle Settings to finish the process.

Report this User

Report this user for behavior that violates our Community Guidelines.

Details: